[Event "Tallinn/Paernu 73/154"]
[Site "?"]
[Date "1998.??.??"]
[Round "?"]
[White "Short, Nigel D"]
[Black "Ehlvest, Jaan"]
[Result "1-0"]
[WhiteElo "2660"]
[BlackElo "2610"]
[PlyCount "131"]
[EventDate "1998.??.??"]
[Source "ChessBase"]
[SourceDate "1998.06.01"]

1. e4 c6 2. d4 d5 3. exd5 cxd5 4. Bd3 Nc6 5. c3 Nf6 6. Bf4 Bg4 7. Qb3 Qd7 8. Nd2 e6 9. Ngf3 Bd6 10. Bg3 Bxf3 11. Nxf3 Bxg3 12. hxg3 a6 13. Kf1 Qc7 14. Re1 Na5 15. Qc2 Nc4 16. Kg1 h6 17. b3 Na5 18. c4 Nc6 19. c5 Rd8 20. a3 Rd7 21. b4 Re7 22. Qb2 Nd7 23. Bc2 O-O 24. Rh4 Rfe8 25. Bb3 Nf6 26. Ne5 Nxe5 27. dxe5 Nd7 28. Ba4 Rf8 29. Bxd7 Qxd7 30. Qd4 f5 31. exf6 Rxf6 32. Rf4 Ref7 33. Rxf6 Rxf6 34. f4 Qc6 35. g4 Qd7 36. Re5 Qf7 37. g3 Kh8 38. Kg2 Qg6 39. Qd1 Qf7 40. Qd3 Qc7 41. Qd4 Qf7 42. a4 Kg8 43. b5 axb5 44. axb5 Qd7 45. Qd3 Kh8 46. Re1 Rf8 47. g5 Rf5 48. gxh6 d4 49. hxg7+ Kxg7 50. Re4 Rd5 51. g4 Kg8 52. Kg3 Qh7 53. c6 bxc6 54. bxc6 Qh1 55. Rxe6 Qg1+ 56. Kh3 Qh1+ 57. Kg3 Qg1+ 58. Kf3 Qh1+ 59. Ke2 Qg2+ 60. Ke1 Qg1+ 61. Kd2 Qf2+ 62. Qe2 Qxf4+ 63. Kd1 Rd8 64. c7 Qxc7 65. Rg6+ Kh8 66. Qe6 1-0

[Event "Elenite"]
[Site "Elenite"]
[Date "1994.??.??"]
[Round "4"]
[White "Smirin, Ilia"]
[Black "Khalifman, Alexander"]
[Result "1/2-1/2"]
[WhiteElo "2615"]
[BlackElo "2645"]
[PlyCount "33"]
[EventDate "1994.??.??"]
[Source "ChessBase"]

1. e4 c6 2. d4 d5 3. exd5 cxd5 4. Bd3 Nc6 5. c3 Nf6 6. Bf4 Bg4 7. Qb3 Qd7 8. Nd2 e6 9. Ngf3 Bxf3 10. Nxf3 Bd6 11. Bg3 O-O 12. O-O Bxg3 13. hxg3 Qc7 14. Rfe1 Rab8 15. Qc2 b5 16. a3 a5 17. Ne5 1/2-1/2

[Event "German Cup Final"]
[Site "Berlin"]
[Date "2003.03.22"]
[Round "1"]
[White "Meister, Yakov"]
[Black "Khalifman, Alexander"]
[Result "1/2-1/2"]
[WhiteElo "2512"]
[BlackElo "2702"]
[PlyCount "137"]
[EventDate "2003.03.22"]
[Source "Roberto Alvarez"]
[SourceDate "2003.03.17"]

1. e4 c6 2. d4 d5 3. exd5 cxd5 4. Bd3 Nc6 5. c3 Nf6 6. Bf4 Bg4 7. Qb3 Qd7 8. Nd2 e6 9. Ngf3 Bxf3 10. Nxf3 Bd6 11. Bxd6 Qxd6 12. O-O O-O 13. Rae1 Qc7 14. Qd1 Rab8 15. Re3 g6 16. Nd2 Ne7 17. Qe2 Nf5 18. Rh3 a6 19. g4 Ng7 20. Qf3 Qe7 21. Qf4 h5 22. f3 Nh7 23. Rg3 Rfe8 24. Re1 h4 25. Rg2 Qg5 26. Qe3 Qxe3+ 27. Rxe3 g5 28. Rf2 f5 29. Rfe2 Nf6 30. h3 Kf7 31. Rg2 b5 32. Nb3 b4 33. Bxa6 f4 34. Re1 bxc3 35. bxc3 Nd7 36. c4 dxc4 37. Bxc4 Rb4 38. Rc2 Ke7 39. Bd3 Ra8 40. Be4 Ra7 41. Bc6 Rc7 42. Rec1 Kf6 43. d5 exd5 44. Bxd5 Rxc2 45. Rxc2 Ne5 46. Nc5 Rd4 47. Rd2 Ne6 48. Rxd4 Nxd4 49. Kf2 Ke7 50. Ba8 Kd8 51. a4 Kc7 52. a5 Kb8 53. Bd5 Ka7 54. a6 Kb6 55. Bb7 Ka7 56. Kg2 Kb8 57. Na4 Ka7 58. Nc3 Nd3 59. Ne4 Ne1+ 60. Kf2 Nexf3 61. Nf6 Ne5 62. Nh7 Nd3+ 63. Kf1 Ne6 64. Bd5 Ndc5 65. Bc4 Kb6 66. Nf6 Nd4 67. Kf2 Ka7 68. Kf1 Kb6 69. Kf2 1/2-1/2

[Event "European Ch Playoff, 1st Round"]
[Site "playchess.com"]
[Date "2003.11.08"]
[Round "1.1"]
[White "ckbase"]
[Black "ADevyatkin"]
[Result "0-1"]
[WhiteElo "2600"]
[BlackElo "2592"]
[PlyCount "84"]
[EventDate "2003.11.08"]
[Source "Roberto Alvarez"]
[SourceDate "2003.11.10"]

1. e4 c6 2. d4 d5 3. exd5 cxd5 4. Bd3 Nc6 5. c3 Nf6 6. Bf4 Bg4 7. Qb3 Qc8 8. Nd2 e6 9. Ngf3 Be7 10. O-O Bh5 11. Ne5 Nxe5 12. Bxe5 O-O 13. c4 Bg6 14. Bxg6 hxg6 15. c5 Nd7 16. Bg3 Nb8 17. Qe3 Nc6 18. Nf3 b6 19. cxb6 axb6 20. a3 Qd7 21. Ne5 Nxe5 22. Bxe5 Bd6 23. Rfc1 Rfc8 24. Bxd6 Qxd6 25. g3 b5 26. Qb3 Qb6 27. Qb4 Kh7 28. Qe7 Qxd4 29. Qxf7 Rf8 30. Qxe6 Qxf2+ 31. Kh1 Qf3+ 32. Kg1 Rae8 33. Qh3+ Kg8 34. Rf1 Qe3+ 35. Kh1 d4 36. Qg2 d3 37. Qd5+ Kh7 38. Rxf8 Rxf8 39. Rd1 d2 40. Qg2 Qe1+ 41. Qg1 Re8 42. Kg2 Qxg1+ 0-1

[Event "New York op"]
[Site "New York"]
[Date "1998.03.18"]
[Round "5"]
[White "Ashley, Maurice"]
[Black "Bareev, Evgeny"]
[Result "1/2-1/2"]
[WhiteElo "2500"]
[BlackElo "2675"]
[PlyCount "82"]
[EventDate "1998.03.16"]
[Source "ChessBase"]
[SourceDate "1998.06.15"]

1. e4 c6 2. d4 d5 3. exd5 cxd5 4. Bd3 Nc6 5. c3 Nf6 6. Bf4 Bg4 7. Qb3 Qd7 8. Nd2 e6 9. Ngf3 Bxf3 10. Nxf3 Bd6 11. Bxd6 Qxd6 12. O-O Rb8 13. Rae1 O-O 14. Ne5 Nd7 15. Qc2 Ndxe5 16. dxe5 Nxe5 17. Bxh7+ Kh8 18. Re3 Ng4 19. Rh3 Nh6 20. Bd3 f5 21. Qd2 Rf6 22. Rd1 b5 23. Rh4 a5 24. a3 Kg8 25. Qe2 Qc6 26. Rd4 Nf7 27. Bb1 Nd6 28. Ba2 Nc4 29. Bxc4 bxc4 30. f4 Qc7 31. g3 Rh6 32. R1d2 Kf7 33. Qd1 Rhh8 34. Re2 Qc5 35. Kg2 Rb7 36. Rf2 Qc6 37. Qf3 Rb6 38. Rdd2 Qb7 39. Kh1 Qc6 40. Kg2 Rb3 41. Kg1 Qc5 1/2-1/2

[Event "Bad Wiessee (23.10.-31.10.)"]
[Site "?"]
[Date "1999.10.29"]
[Round "7"]
[White "Lobron Eric"]
[Black "Khenkin Igor"]
[Result "1/2-1/2"]
[WhiteElo "2540"]
[BlackElo "2633"]
[PlyCount "91"]
[EventDate "1999.??.??"]
[Source "www.chesslib.no"]
[SourceDate "2004.05.04"]

1. e4 c6 2. d4 d5 3. exd5 cxd5 4. Bd3 Nc6 5. c3 Nf6 6. Bf4 Bg4 7. Qb3 Qd7 8. Nd2 e6 9. Ngf3 Bd6 10. Bxd6 Qxd6 11. O-O O-O 12. Rae1 Bxf3 13. Nxf3 Qc7 14. Re2 Rfc8 15. Ne5 Nxe5 16. dxe5 Nd7 17. Qc2 g6 18. f4 Nc5 19. g4 Re8 20. Qd2 Nxd3 21. Qxd3 Rad8 22. Qe3 Qb6 23. Qxb6 axb6 24. Rd1 Ra8 25. a3 Ra4 26. Rd4 Rxd4 27. cxd4 Rc8 28. Kf2 Rc1 29. Ke3 Kg7 30. Rd2 b5 31. Rd3 b4 32. axb4 Rc2 33. Rd2 Rc4 34. Rd3 Rc2 35. Rd2 Rc4 36. f5 gxf5 37. gxf5 exf5 38. Kf4 Kg6 39. h4 Rxb4 40. h5+ Kg7 41. Kxf5 Rb3 42. h6+ Kf8 43. Rc2 Rf3+ 44. Kg5 Rg3+ 45. Kf5 Rf3+ 46. Kg5 1/2-1/2

[Event "World Open"]
[Site "Philadelphia, PA USA"]
[Date "1988.??.??"]
[Round "?"]
[White "Seirawan, Yasser"]
[Black "Rohde, Michael A"]
[Result "1/2-1/2"]
[WhiteElo "2595"]
[BlackElo "2555"]
[PlyCount "31"]
[EventDate "1988.06.??"]
[Source "www.chesslib.no"]
[SourceDate "2004.05.04"]

1. e4 c6 2. d4 d5 3. exd5 cxd5 4. Bd3 Nc6 5. c3 Nf6 6. Bf4 Bg4 7. Qb3 Qd7 8. Nd2 e6 9. Ngf3 Bd6 10. Bxd6 Qxd6 11. O-O O-O 12. Rae1 Bxf3 13. Nxf3 Nd7 14. Re3 g6 15. Rfe1 Kg7 16. Qd1 1/2-1/2

[Event "Biel"]
[Site "Biel"]
[Date "1988.??.??"]
[Round "?"]
[White "Campora, Daniel Hugo"]
[Black "Tukmakov, Vladimir B"]
[Result "0-1"]
[WhiteElo "2540"]
[BlackElo "2590"]
[PlyCount "84"]
[EventDate "1988.07.??"]
[Source "ChessBase"]

1. e4 c6 2. d4 d5 3. exd5 cxd5 4. Bd3 Nc6 5. c3 Nf6 6. Bf4 Bg4 7. Qb3 Na5 8. Qa4+ Bd7 9. Qc2 a6 10. a4 Bg4 11. Nd2 Bh5 12. Ngf3 Bg6 13. Ne5 e6 14. O-O Bd6 15. Rfe1 O-O 16. Nxg6 hxg6 17. Be5 Bxe5 18. dxe5 Nd7 19. b4 Nc6 20. Nf3 Rc8 21. Qe2 Ne7 22. Rac1 Nf5 23. a5 Qe7 24. g3 Rc7 25. Kg2 Rfc8 26. Qd2 Nb8 27. h4 Nc6 28. Qf4 Na7 29. Qd2 Nc6 30. Bb1 Rd8 31. Qf4 Na7 32. Qd2 Nb5 33. Bd3 Rdc8 34. Bxb5 axb5 35. Qd3 Rc4 36. Nd2 R4c6 37. Qxb5 Rxc3 38. Nb3 d4 39. Nc5 Rc7 40. Rxc3 dxc3 41. Qc4 Qd8 42. Rc1 Ne3+ 0-1

[Event "TCh-CHN"]
[Site "Tianjing"]
[Date "2003.09.04"]
[Round "5"]
[White "Peng Xiaomin"]
[Black "Li Shilong"]
[Result "0-1"]
[WhiteElo "2596"]
[BlackElo "2522"]
[PlyCount "116"]
[EventDate "2003.08.31"]
[Source "Roberto Alvarez"]
[SourceDate "2003.09.15"]

1. e4 c6 2. d4 d5 3. exd5 cxd5 4. Bd3 Nc6 5. c3 Nf6 6. Bf4 g6 7. Qc2 Bg7 8. Nf3 O-O 9. Nbd2 Nh5 10. Bg3 f6 11. O-O-O e5 12. dxe5 fxe5 13. Nc4 Be6 14. Ne3 Nxg3 15. hxg3 Qf6 16. Qb3 Rfd8 17. Be2 Ne7 18. Kb1 Bf7 19. Ka1 h5 20. Qa3 Nc6 21. Nc2 e4 22. Nfd4 Qxf2 23. Rhf1 Qxg3 24. Nxc6 bxc6 25. Qe7 Rf8 26. Nb4 Rab8 27. Rc1 Rbe8 28. Qd7 Rd8 29. Qe7 Rc8 30. Ba6 Rc7 31. Qc5 Be8 32. a4 Qe5 33. Be2 Qe7 34. Qa5 Rc8 35. Rxf8+ Bxf8 36. Qa6 Rc7 37. Rf1 Bg7 38. Bd1 Qc5 39. Ka2 d4 40. Bb3+ Kh7 41. Qe2 Re7 42. Na6 Qb6 43. Qc4 dxc3 44. Nc5 Bf7 45. Rxf7 Rxf7 46. Qxf7 Qxc5 47. Bc2 Qd5+ 48. Qxd5 cxd5 49. bxc3 Bxc3 50. Kb3 Ba5 51. Kb2 Kg7 52. Bb3 d4 53. Bd5 e3 54. Bc4 Kf6 55. Kc2 g5 56. Kd3 Ke5 57. Bf7 h4 58. Bh5 Bb6 0-1

[Event "Amsterdam m1"]
[Site "?"]
[Date "2005.07.19"]
[Round "4"]
[White "Megaranto Susanto"]
[Black "Khenkin Igor"]
[Result "1/2-1/2"]
[WhiteElo "2499"]
[BlackElo "2610"]
[PlyCount "44"]
[EventDate "2005.??.??"]
[Source "www.chesslib.no"]
[SourceDate "2004.05.04"]

1. e4 c6 2. d4 d5 3. exd5 cxd5 4. Bd3 Nc6 5. c3 Nf6 6. Bf4 Bg4 7. Qb3 Na5 8. Qa4+ Bd7 9. Qc2 g6 10. Nf3 Bg7 11. O-O O-O 12. Qe2 Nh5 13. Be3 Qc7 14. Nbd2 Rfe8 15. Rfe1 Rac8 16. h3 Nf4 17. Bxf4 Qxf4 18. Qe3 Qxe3 19. Rxe3 f6 20. Rae1 Kf7 21. R3e2 b5 22. g4 Nb7 1/2-1/2

[Event "Shenzhen"]
[Site "Shenzhen"]
[Date "1992.??.??"]
[Round "10"]
[White "Torre, Eugenio"]
[Black "Adorjan, Andras"]
[Result "1/2-1/2"]
[WhiteElo "2555"]
[BlackElo "2550"]
[PlyCount "59"]
[EventDate "1992.??.??"]
[Source "ChessBase"]

1. e4 c6 2. d4 d5 3. exd5 cxd5 4. Bd3 Nc6 5. c3 Nf6 6. Bf4 Bg4 7. Qb3 Qd7 8. Nd2 e6 9. Ngf3 Bxf3 10. Nxf3 Bd6 11. Bxd6 Qxd6 12. O-O O-O 13. Rae1 Rab8 14. Ne5 b5 15. a3 a5 16. Bxb5 Ne4 17. Nxc6 Qxc6 18. a4 Nd6 19. Re2 Nxb5 20. axb5 Rxb5 21. Qa4 Qb7 22. Ra1 Rxb2 23. Rxb2 Qxb2 24. Qxa5 Rb8 25. h4 h6 26. Qa3 Qxa3 27. Rxa3 g6 28. g3 Kg7 29. Kg2 h5 30. Kf3 1/2-1/2

[Event "San Roque"]
[Site "San Roque"]
[Date "1996.??.??"]
[Round "9"]
[White "Campora, Daniel Hugo"]
[Black "Garcia Ilundain, David"]
[Result "1/2-1/2"]
[WhiteElo "2540"]
[BlackElo "2550"]
[PlyCount "38"]
[EventDate "1996.02.??"]
[Source "ChessBase"]
[SourceDate "1997.04.10"]

1. e4 c6 2. d4 d5 3. exd5 cxd5 4. Bd3 Nc6 5. c3 Nf6 6. Bf4 Bg4 7. Qb3 Qc8 8. Nd2 e6 9. Ngf3 Be7 10. O-O Bh5 11. Ne5 O-O 12. Rfe1 Nxe5 13. Bxe5 Bg6 14. Bxg6 hxg6 15. a4 Qc6 16. h3 a6 17. a5 Qb5 18. Bxf6 gxf6 19. Ra2 Rfc8 1/2-1/2

[Event "Bundesliga 9899"]
[Site "Germany"]
[Date "1998.10.18"]
[Round "2.3"]
[White "Mueller, Karsten"]
[Black "Agdestein, Simen"]
[Result "0-1"]
[WhiteElo "2545"]
[BlackElo "2545"]
[PlyCount "108"]
[EventDate "1998.10.17"]
[Source "ChessBase"]
[SourceDate "1999.07.01"]

1. e4 c6 2. d4 d5 3. exd5 cxd5 4. Bd3 Nf6 5. c3 Nc6 6. Bf4 Bg4 7. Qb3 Na5 8. Qa4+ Nc6 9. Nd2 e6 10. Ngf3 Bd6 11. Ne5 O-O 12. Bg3 Qc7 13. Nxg4 Nxg4 14. Qd1 Nf6 15. O-O Bxg3 16. hxg3 e5 17. dxe5 Nxe5 18. Nf3 Nc4 19. Bxc4 dxc4 20. Re1 Rad8 21. Nd4 Qb6 22. Rb1 Rfe8 23. Rxe8+ Rxe8 24. Qa4 Qc5 25. Qb5 Qc7 26. Rd1 a6 27. Qg5 h6 28. Qf4 Qxf4 29. gxf4 Rd8 30. Kf1 Rd5 31. Ke2 Ra5 32. a3 Rd5 33. Kf3 Nd7 34. Ke4 Rd6 35. Rd2 Nc5+ 36. Ke5 Rd8 37. f5 b5 38. g4 Nd3+ 39. Ke4 Nc5+ 40. Ke5 f6+ 41. Kf4 Re8 42. Nc6 Nd3+ 43. Kf3 Re1 44. Nb4 Ne5+ 45. Kf4 Rg1 46. Nxa6 Rxg4+ 47. Ke3 h5 48. Nc7 h4 49. f4 Rg3+ 50. Ke4 Ng4 51. Ne6 Re3+ 52. Kd4 Rd3+ 53. Rxd3 cxd3 54. Kxd3 h3 0-1

[Event "Las Vegas USA"]
[Site "?"]
[Date "2006.06.17"]
[Round "3"]
[White "Perelshteyn Eugene"]
[Black "Gagunashvili Merab"]
[Result "1/2-1/2"]
[WhiteElo "2526"]
[BlackElo "2560"]
[PlyCount "120"]
[EventDate "2006.??.??"]
[Source "www.chesslib.no"]
[SourceDate "2004.05.04"]

1. e4 c6 2. d4 d5 3. exd5 cxd5 4. Bd3 Nc6 5. c3 Nf6 6. Bf4 g6 7. Nf3 Bg7 8. O-O O-O 9. Nbd2 Bg4 10. h3 Bxf3 11. Nxf3 e6 12. Re1 Rc8 13. Qd2 Na5 14. b3 Nc6 15. Rac1 a6 16. Ne5 Nxe5 17. Bxe5 Qa5 18. Qb2 Qb6 19. Rb1 Rfd8 20. c4 dxc4 21. bxc4 Qxb2 22. Rxb2 Nh5 23. Bf1 Rd7 24. Reb1 Bxe5 25. dxe5 Rcc7 26. g3 f6 27. Bg2 Rxc4 28. Bxb7 a5 29. Rb5 a4 30. R5b4 Rdd4 31. Rb6 Kf7 32. Ba6 Rc7 33. Rb7 Rxb7 34. Rxb7+ Kf8 35. Rxh7 fxe5 36. Ra7 e4 37. Bc8 Ng7 38. Kf1 Rc4 39. Bd7 Rc1+ 40. Kg2 Rc2 41. Bxa4 e3 42. Bxc2 e2 43. Bxg6 e1=Q 44. Rf7+ Kg8 45. Rc7 Kf8 46. Rf7+ Kg8 47. Rc7 Nf5 48. Bxf5 exf5 49. Rc4 Qe5 50. Rf4 Kg7 51. a4 Kg6 52. Rh4 Qd5+ 53. Kh2 Qd1 54. Kg2 Kf6 55. Rf4 Ke5 56. Rh4 Qd5+ 57. Kh2 Qb7 58. Rf4 Qc6 59. Rh4 Qc1 60. Kg2 Qc6+ 1/2-1/2

[Event "GER CupT final"]
[Site "Baden Baden"]
[Date "2002.03.10"]
[Round "2.4"]
[White "Keitlinghaus, Ludger"]
[Black "Hansen, Lars Bo"]
[Result "1/2-1/2"]
[WhiteElo "2500"]
[BlackElo "2586"]
[PlyCount "144"]
[EventDate "2002.03.08"]
[Source "ChessBase"]
[SourceDate "2002.03.21"]

1. e4 c6 2. d4 d5 3. exd5 cxd5 4. Bd3 Nc6 5. c3 Nf6 6. Bf4 Bg4 7. Qb3 Qd7 8. Nd2 e6 9. Ngf3 Bxf3 10. Nxf3 Bd6 11. Bxd6 Qxd6 12. Qxb7 Rb8 13. Qa6 O-O 14. Rb1 Rb6 15. Qa4 e5 16. Be2 exd4 17. Nxd4 Nxd4 18. Qxd4 Re8 19. Kf1 Qe7 20. Bd3 Rxb2 21. g3 Rxb1+ 22. Bxb1 Rc8 23. Kg2 Rc4 24. Qd2 Qc5 25. Bc2 Rxc3 26. Bb3 g6 27. Rd1 Kg7 28. Bxd5 Rc2 29. Qd4 Qxd4 30. Rxd4 Nxd5 31. Rxd5 Rxa2 32. Rd7 g5 33. g4 Ra6 34. Kg3 Kg6 35. h4 Ra3+ 36. f3 h6 37. Rd6+ Kg7 38. Rd5 gxh4+ 39. Kxh4 a5 40. Kg3 Ra1 41. Rb5 a4 42. Ra5 a3 43. Kf4 a2 44. Ra6 Kf8 45. Ra7 Ke8 46. Kf5 Rf1 47. Rxa2 Rxf3+ 48. Ke4 Rf1 49. Ra6 Rh1 50. Kf4 Kf8 51. Rb6 Kg7 52. Ra6 Re1 53. Rb6 Re6 54. Rb5 Ra6 55. Rc5 Kg6 56. Rb5 Rf6+ 57. Kg3 Re6 58. Kf4 f6 59. Rb8 Re5 60. Rg8+ Kf7 61. Rh8 Kg7 62. Ra8 h5 63. gxh5 Rxh5 64. Rb8 Ra5 65. Rc8 Kg6 66. Rg8+ Kf7 67. Rb8 Ra1 68. Rb3 Rf1+ 69. Rf3 Rxf3+ 70. Kxf3 Ke6 71. Ke4 f5+ 72. Kf4 Kf6 1/2-1/2

[Event "It (open)"]
[Site "Pula (Croatia)"]
[Date "2007.06.30"]
[Round "9"]
[White "Lie Kjetil A (NOR)"]
[Black "Zelcic Robert (CRO)"]
[Result "0-1"]
[WhiteElo "2529"]
[BlackElo "2554"]
[PlyCount "148"]
[EventDate "2007.??.??"]
[Source "www.chesslib.no"]
[SourceDate "2004.05.04"]

1. e4 c6 2. d4 d5 3. exd5 cxd5 4. Bd3 Nc6 5. c3 Nf6 6. Bf4 g6 7. Nf3 Bg7 8. Nbd2 O-O 9. h3 Nh5 10. Bh2 Bh6 11. Nf1 Nf4 12. Ne3 e5 13. dxe5 d4 14. Bxf4 Bxf4 15. cxd4 Nxd4 16. O-O Bxe3 17. fxe3 Nxf3+ 18. Rxf3 Be6 19. b3 Qg5 20. Bc4 Bxc4 21. bxc4 Rad8 22. Qc2 Qxe5 23. Raf1 b6 24. Qb3 Rd2 25. a4 Rb2 26. Qd3 Qg5 27. R1f2 Rxf2 28. Rxf2 Qe7 29. Rf4 Qb4 30. Qd1 Re8 31. Qd5 Qe7 32. Kh2 Qc7 33. Qf3 Re5 34. Kg1 Qe7 35. Kf2 h5 36. g4 hxg4 37. hxg4 Ra5 38. Qc6 Kg7 39. Ke2 Qe6 40. Qxe6 fxe6 41. Kd3 g5 42. Rd4 Rxa4 43. Rd7+ Kf6 44. Rc7 Ke5 45. Rc6 Ra3+ 46. Ke2 Ra2+ 47. Kf3 Ra5 48. Rc7 Kd6 49. Rg7 a6 50. Ke4 Rc5 51. Kd3 a5 52. Rb7 Kc6 53. Re7 e5 54. Ra7 b5 55. cxb5+ Kxb5 56. Ke4 Kb4 57. Kf5 a4 58. Kxg5 a3 59. Kf6 Ra5 60. Rb7+ Kc3 61. Rb1 a2 62. Ra1 e4 63. g5 Kb2 64. Rxa2+ Rxa2 65. Kf5 Ra5+ 66. Kxe4 Rxg5 67. Kd4 Kb3 68. e4 Kb4 69. e5 Kb5 70. Kd5 Kb6 71. Kd6 Kb7 72. e6 Kc8 73. Ke7 Re5 74. Kf6 Re1 0-1

[Event "ARG-ch 72nd"]
[Site "Pinamar"]
[Date "2002.03.16"]
[Round "9"]
[White "Campora, Daniel Hugo"]
[Black "Spangenberg, Hugo"]
[Result "1/2-1/2"]
[WhiteElo "2542"]
[BlackElo "2508"]
[PlyCount "20"]
[EventDate "2002.03.11"]
[Source "ChessBase"]
[SourceDate "2002.03.21"]

1. e4 c6 2. d4 d5 3. exd5 cxd5 4. Bd3 Nc6 5. c3 Nf6 6. Bf4 e6 7. Nf3 Bd6 8. Bxd6 Qxd6 9. O-O O-O 10. Nbd2 Bd7 1/2-1/2

[Event "Dubai op"]
[Site "Dubai"]
[Date "1999.05.08"]
[Round "8"]
[White "Arkhipov, Sergey"]
[Black "Anastasian, Ashot"]
[Result "1-0"]
[WhiteElo "2518"]
[BlackElo "2529"]
[PlyCount "57"]
[EventDate "1999.05.??"]
[Source "ChessBase"]
[SourceDate "1999.07.10"]

1. e4 c6 2. d4 d5 3. exd5 cxd5 4. Bd3 Nc6 5. c3 Nf6 6. Bf4 Bg4 7. Qb3 Qd7 8. Nd2 e6 9. Ngf3 Bxf3 10. Nxf3 Be7 11. O-O O-O 12. Rae1 Rfd8 13. Qd1 Qe8 14. a3 Rac8 15. Bc1 a6 16. Qe2 Nd7 17. Ng5 Nf8 18. f4 h6 19. Nf3 f5 20. Kh1 Qh5 21. Rg1 Qg4 22. Qf2 Bd6 23. Be2 Qg6 24. Nh4 Qf6 25. g4 fxg4 26. Bxg4 Ne7 27. f5 e5 28. dxe5 Bxe5 29. Rxe5 1-0

[Event "It (cat.9)"]
[Site "Paks (Hungary)"]
[Date "2007.08.11"]
[Round "7"]
[White "Yu Shaoteng (CHN)"]
[Black "Groszpeter Attila (HUN)"]
[Result "1-0"]
[WhiteElo "2524"]
[BlackElo "2522"]
[PlyCount "60"]
[EventDate "2007.??.??"]
[Source "www.chesslib.no"]
[SourceDate "2004.05.04"]

1. e4 c6 2. d4 d5 3. exd5 cxd5 4. Bd3 Nc6 5. c3 Nf6 6. Bf4 g6 7. Nf3 Bg7 8. O-O O-O 9. h3 Nh5 10. Bh2 Bh6 11. Re1 Nf4 12. Bf1 Qb6 13. Qb3 Bf5 14. g4 Qxb3 15. axb3 Bxb1 16. Rexb1 Ne6 17. Bb5 a5 18. Bxc6 bxc6 19. Ne5 Rfc8 20. Nd3 c5 21. dxc5 Nxc5 22. Nxc5 Rxc5 23. b4 Rb5 24. Ra4 d4 25. Rba1 d3 26. Rxa5 Raxa5 27. bxa5 d2 28. b4 Bg7 29. a6 Rd5 30. Rd1 Bxc3 1-0

[Event "It (Open) Schwarzach AUT"]
[Site "?"]
[Date "2005.08.??"]
[Round "7"]
[White "Bellini Fabio"]
[Black "Zelcic Robert"]
[Result "1-0"]
[WhiteElo "2511"]
[BlackElo "2533"]
[PlyCount "97"]
[EventDate "2005.??.??"]
[Source "www.chesslib.no"]
[SourceDate "2004.05.04"]

1. e4 c6 2. d4 d5 3. exd5 cxd5 4. Bd3 Nc6 5. c3 Nf6 6. Bf4 Bg4 7. Qb3 Qc8 8. Nd2 e6 9. Ngf3 Be7 10. O-O Bh5 11. Rae1 O-O 12. Bg5 Re8 13. Qc2 Bg6 14. Bxg6 hxg6 15. Qd3 Nd7 16. Bxe7 Nxe7 17. Ng5 Nf8 18. h4 Nf5 19. Ndf3 Qc4 20. Qb1 Qc7 21. Re2 b5 22. Qd3 Rab8 23. Rfe1 b4 24. Rc2 bxc3 25. Rxc3 Qb6 26. Re2 Rec8 27. Rec2 Rxc3 28. Qxc3 Nd6 29. b3 Rc8 30. Qd3 Rxc2 31. Qxc2 f6 32. Nh3 Ne4 33. Nf4 g5 34. hxg5 fxg5 35. Ne2 Qa5 36. Ng3 g4 37. Ne5 Nf6 38. Kh2 N6d7 39. Nxg4 Qb4 40. Qd3 Qe7 41. Kg1 Qb4 42. Nh5 Qa5 43. Qg3 g6 44. Nhf6+ Nxf6 45. Nxf6+ Kf7 46. Ng4 Ke7 47. a3 Qxa3 48. Qc7+ Nd7 49. Ne5 1-0

[Event "Paris Ch"]
[Site "Paris FRA"]
[Date "1991.??.??"]
[Round "9"]
[White "Smirin, Ilia"]
[Black "Thorsteins, Karl"]
[Result "1/2-1/2"]
[WhiteElo "2560"]
[BlackElo "2480"]
[PlyCount "85"]
[EventDate "1991.05.??"]
[Source "www.chesslib.no"]
[SourceDate "2004.05.04"]

1. e4 c6 2. d4 d5 3. exd5 cxd5 4. Bd3 Nc6 5. c3 Nf6 6. Bf4 Bg4 7. Qb3 Qc8 8. Nd2 e6 9. Ngf3 Be7 10. O-O O-O 11. Rfe1 Bh5 12. Ne5 Nxe5 13. Bxe5 Bg6 14. Bf1 Ne4 15. Nxe4 Bxe4 16. c4 dxc4 17. Bxc4 Qc6 18. Rac1 Rfc8 19. Rc3 Bd5 20. Bxd5 Qxd5 21. Qxd5 exd5 22. Rec1 Rxc3 23. Rxc3 f6 24. Bf4 g5 25. Bg3 Re8 26. f4 gxf4 27. Bxf4 Bd8 28. Bc7 Bxc7 29. Rxc7 Re4 30. Rxb7 Rxd4 31. Kf2 Rd2+ 32. Kf3 d4 33. h4 f5 34. g3 a5 35. Kf4 Rf2+ 36. Ke5 d3 37. Kf6 h5 38. Rg7+ Kh8 39. Rd7 Rf3 40. g4 fxg4+ 41. Kg6 Rf8 42. Rh7+ Kg8 43. Rg7+ 1/2-1/2

[Event "Bundesliga 9900"]
[Site "Germany"]
[Date "2000.01.08"]
[Round "7"]
[White "Seul, Georg"]
[Black "Dautov, Rustem"]
[Result "1/2-1/2"]
[WhiteElo "2436"]
[BlackElo "2602"]
[PlyCount "120"]
[EventDate "1999.10.??"]
[Source "ChessBase"]
[SourceDate "2000.03.10"]

1. e4 c6 2. d4 d5 3. exd5 cxd5 4. Bd3 Nf6 5. c3 Nc6 6. Bf4 Bg4 7. Qb3 Qc8 8. Nd2 e6 9. Ngf3 Be7 10. O-O Bh5 11. Rfe1 O-O 12. Ne5 Nxe5 13. dxe5 Nd7 14. Qc2 Bg6 15. Bxg6 fxg6 16. Bg3 b5 17. Nb3 Nb6 18. Qe2 a6 19. Qg4 Na4 20. Nd4 Nxb2 21. Qxe6+ Qxe6 22. Nxe6 Rfc8 23. Nf4 Rc5 24. Re3 Rac8 25. Rae1 Na4 26. h4 Nxc3 27. Rxc3 Rxc3 28. Nxd5 Rc1 29. Nxe7+ Kf7 30. Nxc8 Rxe1+ 31. Kh2 Ra1 32. Nd6+ Ke7 33. f4 b4 34. f5 a5 35. h5 gxf5 36. Nxf5+ Kf7 37. Nd4 Rxa2 38. e6+ Ke8 39. Bd6 Rd2 40. Nf5 Rxd6 41. Nxd6+ Ke7 42. Nc4 b3 43. Kg3 Kxe6 44. Kf3 Kd5 45. Nd2 a4 46. Ke2 Kd4 47. Nb1 Kc4 48. Kd2 g5 49. hxg6 hxg6 50. Kc1 Kd3 51. Kb2 Ke3 52. Nc3 Kf2 53. Nd5 Kg3 54. Nc3 Kxg2 55. Nxa4 g5 56. Nc5 Kf3 57. Nd3 Ke3 58. Ne5 Kf4 59. Nd3+ Ke4 60. Nf2+ Kf3 1/2-1/2

[Event "Moskva (open)"]
[Site "?"]
[Date "1991.??.??"]
[Round "?"]
[White "Yudasin, L."]
[Black "Lempert, I."]
[Result "1-0"]
[WhiteElo "2595"]
[BlackElo "2440"]
[PlyCount "101"]
[EventDate "1991.??.??"]
[Source "ChessBase"]
[SourceDate "1991.06.01"]

1. e4 c6 2. d4 d5 3. exd5 cxd5 4. Bd3 Nc6 5. c3 Nf6 6. Bf4 Bg4 7. Qb3 Qc8 8. Nd2 e6 9. Ngf3 Be7 10. O-O Bh5 11. Rfe1 O-O 12. Ne5 Nxe5 13. dxe5 Nd7 14. Qc2 Bg6 15. Bxg6 fxg6 16. Bg3 Bc5 17. Qd3 Nb6 18. b3 Qe8 19. a4 Rf7 20. a5 Nc8 21. Red1 Rd7 22. Ne4 Bf8 23. c4 a6 24. h3 h6 25. Ra4 Rb8 26. c5 Na7 27. Nd6 Bxd6 28. exd6 Nc6 29. Re1 Rc8 30. Rg4 g5 31. h4 gxh4 32. Bxh4 Qf7 33. Qe3 Kh7 34. Qxe6 Qxe6 35. Rxe6 Rf8 36. b4 Rf5 37. f3 d4 38. Re7 Rf7 39. Rge4 Kg8 40. Rxd7 Rxd7 41. Be1 Kf7 42. Kf2 Rd8 43. Ke2 Re8 44. Rxe8 Kxe8 45. Kd3 Kd7 46. Ke4 Ke6 47. Bd2 h5 48. Be1 g5 49. Bd2 Kf6 50. Kd5 d3 51. b5 1-0

[Event "Kostic mem"]
[Site "?"]
[Date "1977.??.??"]
[Round "4"]
[White "Kurajica Bojan"]
[Black "Knezevic Milorad"]
[Result "1/2-1/2"]
[WhiteElo "2530"]
[BlackElo "2500"]
[PlyCount "34"]
[EventDate "1977.??.??"]
[Source "www.chesslib.no"]
[SourceDate "2004.05.04"]

1. e4 c6 2. d4 d5 3. exd5 cxd5 4. c3 Nc6 5. Bd3 Nf6 6. Bf4 Bg4 7. Qb3 Na5 8. Qa4+ Bd7 9. Qc2 a6 10. Nf3 e6 11. O-O Be7 12. Ne5 Bb5 13. Nd2 Bxd3 14. Qxd3 Rc8 15. Rfe1 Nc6 16. h3 O-O 17. Nxc6 Rxc6 1/2-1/2

[Event "Hotel Agro GM"]
[Site "Budapest"]
[Date "1999.07.30"]
[Round "1"]
[White "Varga, Zoltan"]
[Black "Ruck, Robert"]
[Result "1/2-1/2"]
[WhiteElo "2541"]
[BlackElo "2485"]
[PlyCount "26"]
[EventDate "1999.08.05"]
[Source "ChessBase"]
[SourceDate "1999.12.01"]

1. e4 c6 2. d4 d5 3. exd5 cxd5 4. Bd3 Nc6 5. c3 Nf6 6. Bf4 Bg4 7. Qb3 Qd7 8. Nd2 e6 9. Ngf3 Bxf3 10. Nxf3 Bd6 11. Bxd6 Qxd6 12. O-O O-O 13. a4 Rab8 1/2-1/2

[Event "Mirko Srajber mem 8th"]
[Site "Subotica"]
[Date "2003.12.02"]
[Round "5"]
[White "Lupulescu, Constantin"]
[Black "Parligras, Mircea"]
[Result "1/2-1/2"]
[WhiteElo "2499"]
[BlackElo "2525"]
[PlyCount "20"]
[EventDate "2003.11.06"]
[Source "ChessBase"]
[SourceDate "2004.03.30"]

1. e4 c6 2. d4 d5 3. exd5 cxd5 4. Bd3 Nc6 5. c3 Nf6 6. Bf4 Bg4 7. Qb3 Qc8 8. Nd2 e6 9. Ngf3 Bxf3 10. Nxf3 Be7 1/2-1/2